| 000 | 00658cam a22002417a 4500 | ||
|---|---|---|---|
| 003 | CHAP | ||
| 005 | 20220329135505.0 | ||
| 008 | 971013c19741968 r 00010 d | ||
| 010 | _a37466 | ||
| 011 | _a38438 | ||
| 035 | _a42558 | ||
| 040 | _cCHAP | ||
| 082 |
_a595.7 _bO9 |
||
| 245 | 1 | 4 | _aThe Oxford book of insects |
| 260 |
_aOxford : _bOxford University, _c1974 (c.1968) |
||
| 300 |
_a208 p. _b: ilus. |
||
| 590 |
_aBATCH-UPD _b10 _c20130110 _lUCH01 _h1810 |
||
| 590 |
_aCONVERSION _b10 _c20130109 _lUCH01 _h1321 |
||
| 650 | 1 | 4 |
_aInsectos. _958888 |
| 901 | _aBK | ||
| 942 | _cLIBRO | ||
| 949 |
_a595.7 O9 _bBC _cC _d33724000497228 _eC _h3258 _i42558 _si _t273.00 |
||
| 999 |
_c37466 _d37466 |
||